000 00372nam a22001577a 4500
003 OSt
005 20210924141807.0
008 210924b |||||||| |||| 00| 0 eng d
020 _a887720277
040 _aHU
_cDDC
082 _a321.07
245 _aHERBERT MARCUSES UTOPIA
260 _aUNITED STATES
_bHARVESTHOUSE
_c1986
300 _a147,P,20,cm
942 _2ddc
_cBOOKS
_n0
999 _c6798
_d6798